Spanish Empire Countries - Statistics

General Stats
  • This quiz has been taken 139 times
    111 since last reset
  • The average score is 19 of 22
Answers on the Map
Answers color-coded by a green-red scale on the quiz's map according to % correct below.
 
Answer Stats
Answer % Correct
Mexico
95%
Argentina
89%
Chile
89%
Colombia
89%
Ecuador
88%
Peru
88%
Venezuela
88%
Cuba
87%
El Salvador
87%
Guatemala
87%
Honduras
87%
Nicaragua
87%
Panama
87%
Spain
87%
Bolivia
85%
Paraguay
85%
Uruguay
85%
Costa Rica
83%
Philippines
76%
Dominican Republic
71%
Morocco
71%
Equatorial Guinea
65%
No matching quizzes found
Score Distribution
Percent of People with Each Score
Percentile by Number Answered
Your Score History
You have not taken this quiz since the last reset